000 00839nam a2200253Ia 4500
003 OSt
005 20220930192912.0
006 a|||||r|||| 00| 0
007 ta
008 220926b |||||||| |||| 00| 0 eng d
024 _a10785
037 _cDissertations
040 _aCRL
_cCRL
_beng
041 _2eng
_aeng
100 _aKapur Tarun
_9561724
110 _aUniversity of Delhi. Faculty of Medical Sciences. Department of Ophthalmology
_9520086
245 0 _aStudy of ocular dyamics in uraemic patients on hemodialysis
260 _c1989
650 _aEYE - DISEASES
_9197938
700 _a Dr R Natarajan Supervisor
_9523759
700 _aUniversity of Delhi. Faculty of Medical Sciences. Department of Ophthalmology
_9520088
942 _cDIS
_2CC
999 _c895777
_d895777